000 00850cam a2200253 i 4500
001 1376010736
003 OSt
005 20250429125430.0
008 230414s2023 sz a ob 001 0 eng d
020 _a9783031058073 (paperback)
040 _aGW5XE
_beng
_erda
_cGW5XE
_dNUST
050 4 _aQH505 MOC
100 1 _aMochrie, Simon G J
_eAuthor
245 1 0 _aIntroductory physics for the life sciences /
_cSimon Mochrie and Claudia De Grandi.
260 _aCham :
_bSpringer,
_c2023.
300 _axxiv, 847 pages :
_bIllustrations ;
_c23 cm.
336 _atext
_btxt
_2rdacontent
337 _aunmediated
_bn
_2rdamedia
338 _avolume
_bnc
_2rdacarrier
504 _aIncludes bibliographical references and index.
650 0 _vBiophysics.
700 1 _aDe Grandi, Claudia
_eAuthor
942 _2lcc
_cBOOKS
_hQH505 MOC
_kQH
_mMOC
_n0
999 _c171714
_d171714